[Event "Warsaw Maciei Memorial"]
[Site "Warsaw"]
[Date "2021.07.09"]
[Round "1"]
[White "Paszewski, Mateusz"]
[Black "Oles, Jan"]
[Result "1-0"]
[WhiteElo "2280"]
[BlackElo "1316"]
[PlyCount "43"]
[EventDate "2021.07.09"]
[EventType "swiss (blitz)"]
[EventRounds "11"]
[EventCountry "POL"]
[SourceTitle "CBM 203 Extra"]
[Source "ChessBase"]
[SourceDate "2021.09.30"]
[SourceVersion "1"]
[SourceVersionDate "2021.09.30"]
[SourceQuality "1"]

1. e4 c5 2. Nf3 Nc6 3. Bb5 g6 4. 0-0 Bg7 5. c3 e5 6. d4 cxd4 7. cxd4 exd4 8. Bf4 Nge7 9. Bd6 d3 10. Nc3 a6 11. Bxd3 0-0 12. Bc4 b5 13. Bb3 h6 14. Qd2 Re8 15. Qf4 Rf8 16. Rad1 Bb7 17. Nd5 g5 18. Qg4 Bxb2 19. h4 Bg7 20. hxg5 hxg5 21. Nxg5 f6 22. Nxf6+ 1-0

[Event "Warsaw YMCA Autumn-D 223rd"]
[Site "Warsaw"]
[Date "2019.11.26"]
[Round "11"]
[White "Szopa, Andrzej1111"]
[Black "Oles, Jan"]
[Result "0-1"]
[WhiteElo "1089"]
[BlackElo "1293"]
[PlyCount "90"]
[EventDate "2019.09.19"]
[EventType "tourn"]
[EventRounds "13"]
[EventCountry "POL"]
[SourceTitle "CBM 195 Extra"]
[Source "ChessBase"]
[SourceDate "2020.05.31"]
[SourceVersion "1"]
[SourceVersionDate "2020.05.31"]
[SourceQuality "1"]

1. e4 c5 2. Nf3 Nc6 3. c3 e5 4. d4 d5 5. exd5 Qxd5 6. Be3 e4 7. c4 Qh5 8. d5 exf3 9. dxc6 fxg2 10. Bxg2 Qxd1+ 11. Kxd1 Bg4+ 12. Kd2 0-0-0+ 13. Kc3 bxc6 14. Bxc6 Ne7 15. Bb5 Nf5 16. Nd2 Nxe3 17. fxe3 Be2 18. Rae1 Rd3+ 19. Kc2 Rxe3 20. Rhg1 g6 21. Nf3 Bxc4 22. Bxc4 Rxe1 23. Rxe1 Bd6 24. Ne5 Re8 25. Nd3 Rf8 26. h3 f5 27. Rf1 f4 28. Bd5 g5 29. Kc3 Kc7 30. b4 cxb4+ 31. Nxb4 Bxb4+ 32. Kxb4 a5+ 33. Kxa5 Rf5 34. Kb4 Rxd5 35. Rf3 h5 36. a4 Rf5 37. Kc4 g4 38. hxg4 hxg4 39. Rf1 g3 40. Kd3 g2 41. Rg1 f3 42. Ke4 Rf8 43. Ke3 f2 44. Rxg2 f1Q 45. Rg7+ Rf7 0-1

[Event "Warsaw YMCA Spring-D 216th"]
[Site "Warsaw"]
[Date "2019.06.04"]
[Round "9"]
[White "Oles, Jan"]
[Black "Szopa, Andrzej1111"]
[Result "1-0"]
[WhiteElo "1226"]
[BlackElo "1051"]
[PlyCount "89"]
[EventDate "2019.04.09"]
[EventType "tourn"]
[EventRounds "11"]
[EventCountry "POL"]
[SourceTitle "CBM 195 Extra"]
[Source "ChessBase"]
[SourceDate "2020.05.31"]
[SourceVersion "1"]
[SourceVersionDate "2020.05.31"]
[SourceQuality "1"]

1. d4 Nf6 2. c4 c6 3. Nc3 d5 4. e3 Bf5 5. Bd3 Bxd3 6. Qxd3 e6 7. c5 Be7 8. b4 0-0 9. a4 b6 10. a5 b5 11. Nf3 Nfd7 12. Nxb5 cxb5 13. Qxb5 Qc8 14. a6 Nc6 15. Bd2 Rb8 16. Qa4 Nf6 17. b5 Nd8 18. Ba5 Nd7 19. c6 Nb6 20. Bxb6 Rxb6 21. Ne5 Qc7 22. Nd7 f5 23. Nxb6 Qxb6 24. Rc1 Bd6 25. f4 Bc7 26. 0-0 Nf7 27. Qb4 Re8 28. Qc5 Nd6 29. Qxb6 Bxb6 30. c7 Rc8 31. Rc6 Nxb5 32. Rxe6 Rxc7 33. Re5 Rc3 34. Rxd5 Rxe3 35. Rxb5 Bxd4 36. Kh1 Ra3 37. Rxf5 Rxa6 38. Re1 h6 39. g4 Kh7 40. Rf8 Ra2 41. f5 a5 42. Ree8 g6 43. Re7+ Bg7 44. f6 Rf2 45. Rxg7# 1-0

[Event "Warsaw YMCA Autumn-D 208th"]
[Site "Warsaw"]
[Date "2018.11.06"]
[Round "8"]
[White "Jaroszuk, Marcin"]
[Black "Oles, Jan"]
[Result "0-1"]
[WhiteElo "1341"]
[BlackElo "1231"]
[PlyCount "120"]
[EventDate "2018.09.18"]
[EventType "tourn"]
[EventRounds "13"]
[EventCountry "POL"]
[SourceTitle "EXT 2021"]
[Source "ChessBase"]
[SourceDate "2020.10.23"]
[SourceVersion "1"]
[SourceVersionDate "2020.10.23"]
[SourceQuality "1"]

1. Nf3 Nf6 2. g3 Nc6 3. d4 d5 4. Bg2 h6 5. 0-0 e6 6. c4 dxc4 7. Qa4 Bd6 8. Ne5 Bxe5 9. Bxc6+ bxc6 10. dxe5 Ng4 11. Qxc6+ Bd7 12. Qc5 f6 13. exf6 Nxf6 14. Nd2 a6 15. a4 Qe7 16. Qxe7+ Kxe7 17. Nxc4 Rhb8 18. Ne5 Be8 19. b4 Nd5 20. Bd2 Nxb4 21. Rfc1 a5 22. Kf1 Rd8 23. Bxb4+ axb4 24. Nc6+ Bxc6 25. Rxc6 Ra7 26. Rb1 Rb8 27. a5 b3 28. a6 Kd7 29. Rc3 Rxa6 30. Rcxb3 Rxb3 31. Rxb3 Ra1+ 32. Kg2 Kd6 33. Rd3+ Kc6 34. Kf3 Ra4 35. Ke3 g5 36. Rd4 Ra5 37. Rc4+ Kd6 38. Kf3 c5 39. Ke4 Ra2 40. Kd3 Ra3+ 41. Rc3 Ra1 42. Rc4 Rg1 43. h4 Rd1+ 44. Ke3 Kd5 45. Rc2 gxh4 46. gxh4 Rh1 47. Rd2+ Kc4 48. Rd6 Rxh4 49. Rxe6 Kc3 50. Ra6 c4 51. Rb6 Kc2 52. f4 c3 53. Rc6 Rh3+ 54. Kd4 Kd2 55. f5 c2 56. f6 Rh1 57. f7 Rf1 58. Ke4 c1Q 59. Rd6+ Kxe2 60. Rxh6 Qxh6 0-1

[Event "Warsaw YMCA Autumn-D 208th"]
[Site "Warsaw"]
[Date "2018.10.30"]
[Round "7"]
[White "Oles, Jan"]
[Black "Derylo, Adam"]
[Result "0-1"]
[WhiteElo "1231"]
[BlackElo "1371"]
[PlyCount "106"]
[EventDate "2018.09.18"]
[EventType "tourn"]
[EventRounds "13"]
[EventCountry "POL"]
[SourceTitle "EXT 2021"]
[Source "ChessBase"]
[SourceDate "2020.10.23"]
[SourceVersion "1"]
[SourceVersionDate "2020.10.23"]
[SourceQuality "1"]

1. e4 c5 2. f4 Nc6 3. Nf3 d6 4. Bc4 Nf6 5. d3 e6 6. 0-0 d5 7. exd5 exd5 8. Re1+ Be7 9. Bb5 0-0 10. Bxc6 bxc6 11. Ne5 Qc7 12. Nxc6 Bd6 13. Ne5 Re8 14. Nc3 Bxe5 15. fxe5 Rxe5 16. Rxe5 Qxe5 17. Qf1 Ng4 18. g3 Bb7 19. Ne2 Re8 20. Nf4 g5 21. Nh5 Qe2 22. Qxe2 Rxe2 23. Bxg5 Nxh2 24. Bh6 Ng4 25. Bg5 h6 26. Nf6+ Nxf6 27. Bxf6 Rxc2 28. Re1 d4 29. Re8+ Kh7 30. Re7 Ba6 31. Rc7 Bxd3 32. Bxd4 cxd4 33. Rxf7+ Kg6 34. Rd7 Rxb2 35. Rxd4 Bb1 36. a3 Bc2 37. Rd7 a5 38. Rd6+ Kg5 39. Rd5+ Kg4 40. Rxa5 Kxg3 41. Kf1 h5 42. Ke2 h4 43. Rg5+ Kh2 44. Kf3 Rb3+ 45. Kg4 Bd1+ 46. Kf4 Rxa3 47. Rd5 Ba4 48. Kg4 h3 49. Rd2+ Kg1 50. Rb2 Bd7+ 51. Kh4 Rf3 52. Rb7 h2 53. Rb1+ Rf1 0-1

[Event "Warsaw YMCA Spring-D 201st"]
[Site "Warsaw"]
[Date "2018.06.12"]
[Round "11"]
[White "Oles, Jan"]
[Black "Derylo, Adam"]
[Result "0-1"]
[WhiteElo "1175"]
[BlackElo "1336"]
[PlyCount "46"]
[EventDate "2018.04.05"]
[EventType "tourn"]
[EventRounds "13"]
[EventCountry "POL"]
[SourceTitle "EXT 2021"]
[Source "ChessBase"]
[SourceDate "2020.10.23"]
[SourceVersion "1"]
[SourceVersionDate "2020.10.23"]
[SourceQuality "1"]

1. b3 e5 2. Bb2 Nc6 3. e4 Bc5 4. Bc4 Nf6 5. d3 a6 6. Nf3 d6 7. a4 Bg4 8. Nbd2 Nd4 9. c3 Nxf3+ 10. gxf3 Bh5 11. b4 Ba7 12. Qb3 0-0 13. h4 Nd7 14. Rh2 Qf6 15. Rh3 Rfe8 16. b5 a5 17. Bd5 Rab8 18. Nc4 c6 19. Nxa5 cxd5 20. 0-0-0 dxe4 21. dxe4 Bc5 22. Rd3 Nb6 23. Nc4 Qe6 0-1

[Event "Warsaw YMCA Autumn-D 193rd"]
[Site "Warsaw"]
[Date "2017.10.24"]
[Round "6"]
[White "Oles, Jan"]
[Black "Jaroszuk, Marcin"]
[Result "1-0"]
[WhiteElo "1251"]
[BlackElo "1177"]
[PlyCount "119"]
[EventDate "2017.09.19"]
[EventType "tourn"]
[EventRounds "13"]
[EventCountry "POL"]
[SourceTitle "EXT 2019"]
[Source "ChessBase"]
[SourceDate "2018.10.10"]
[SourceVersion "1"]
[SourceVersionDate "2018.10.10"]
[SourceQuality "1"]

1. e4 e5 2. Nf3 Nc6 3. Bb5 a6 4. Bxc6 dxc6 5. Nc3 Bc5 6. 0-0 Bg4 7. d3 Qf6 8. Be3 Bxf3 9. Qxf3 Qxf3 10. gxf3 Bd6 11. d4 exd4 12. Bxd4 Ne7 13. e5 Bb4 14. Ne2 Nf5 15. Be3 0-0-0 16. c3 Be7 17. Ng3 Nxe3 18. fxe3 Rd2 19. Rab1 f6 20. f4 fxe5 21. fxe5 Bg5 22. Rf3 Rd3 23. Re1 Re8 24. Nf1 Rxe5 25. Rf8+ Kd7 26. e4 Bh4 27. Re2 Ke7 28. Rc8 Rg5+ 29. Rg2 Rxg2+ 30. Kxg2 Rd7 31. Ne3 Kf7 32. Nc4 Bf6 33. Na5 Rd2+ 34. Kf3 Rxb2 35. Rxc7+ Kg6 36. Nxb7 Rxh2 37. Rxc6 Rxa2 38. e5 Ra1 39. exf6 Rf1+ 40. Ke4 Rxf6 41. Rxf6+ Kxf6 42. Kd5 g5 43. Nc5 a5 44. c4 g4 45. Kd6 a4 46. Nxa4 g3 47. Nc3 g2 48. Ne2 h5 49. c5 h4 50. Ng1 Kf5 51. c6 Kg4 52. c7 Kg3 53. c8Q h3 54. Qxh3+ Kf2 55. Qh2 Kf1 56. Ke5 Kf2 57. Ke4 Ke1 58. Qxg2 Kd1 59. Kd3 Ke1 60. Qe2# 1-0